[Event "HUN-chT 9798"]
[Site "Hungary"]
[Date "1997.??.??"]
[Round "?"]
[White "Brandics, Jozsef"]
[Black "Turzo, Attila"]
[Result "1/2-1/2"]
[WhiteElo "2260"]
[BlackElo "2370"]

1.d4 Nf6 2.Bg5 c5 3.d5 Qb6 4.Bxf6 gxf6 5.b3 Bg7 6.c3 f5 7.e3 Na6 8.Ne2 Nc7
9.d6 exd6 10.Nf4 d5 11.Bd3 Qa5 12.O-O d6 13.Qc2 Be6 14.Nh5 Bh6 15.b4 Qb6
16.a4 Ke7 17.Bxf5 Qc6 18.b5 Qd7 19.e4 Bxf5 20.exf5 f6 21.c4 Kf7 22.cxd5 Rhe8
23.Nc3 Re5 24.Ng3 Bf4 25.Qd1 Bxg3 26.Qh5+ Kg8 27.fxg3 Nxd5 28.Nxd5 Rxd5 29.Rae1 Re5
30.Rxe5 dxe5 31.Rd1 Qe7 32.Qg4+ Kf8 33.Qc4 e4 34.Kf2 e3+ 35.Kf3 Re8 36.Re1 Qe5
37.g4 h5 38.Qf4 hxg4+ 39.Kxg4 Kg7 40.Qxe5 Rxe5 41.Kf4 e2 42.g4 c4 43.Kf3 c3
44.Rxe2 Rc5 45.Rc2 Kh6 46.Ke3 Rc4 47.h3 b6 48.Kd3 Rxa4 49.Rxc3 Rb4 50.Rc7 Rxb5  1/2-1/2

[Event "World Cities"]
[Site "Jakarta "]
[Date "1997.??.??"]
[Round "10"]
[White "Rogers, Ian"]
[Black "Liu Dede"]
[Result "1/2-1/2"]
[WhiteElo "2570"]
[BlackElo "2400"]

1.d4 Nf6 2.Bg5 c5 3.Bxf6 gxf6 4.d5 Qb6 5.Qc1 f5 6.g3 Qb4+ 7.Nd2 e6 8.c3 Qa5
9.Bg2 d6 10.Nh3 Bh6 11.O-O Nd7 12.Qc2 Nf6 13.e4 fxe4 14.Nxe4 Nxe4 15.Qxe4 O-O
16.dxe6 fxe6 17.Qg4+ Bg7 18.Ng5 Rf6 19.Rfe1 Qb6 20.Re2 Bd7 21.Rae1 Raf8 22.Be4 Rh6
23.Bd5 Rg6 24.Rxe6 Kh8 25.R1e2 Bxe6 26.Bxe6 Bh6 27.h4 Qd8 28.f4 d5 29.Bf5 Rg7
30.Bd3 c4 31.Bf5 d4 32.cxd4 Qxd4+ 33.Kh2 b5 34.Ne6 Rxg4 35.Nxd4 Rg7 36.Re6 Bxf4
37.gxf4 Rd7 38.Re4 Rxd4 39.Rxd4 Rxf5 40.Kg3 a5 41.a4 Rc5 42.axb5 Rxb5 43.Rxc4 Rxb2
44.Rc8+ Kg7 45.Ra8 Rb5 46.Ra6 h5 47.Kf3 Kf7 48.Ke4 Rb4+ 49.Kf5 Rb5+ 50.Ke4 Ke7
51.f5 Rb1 52.Rxa5 Rh1 53.Ke5 Re1+ 54.Kf4 Rg1 55.Ra6 Rf1+ 56.Kg5 Rg1+ 57.Kxh5 Rf1
58.Kg5  1/2-1/2

[Event "Klatovy op-B"]
[Site "Klatovy"]
[Date "1997.??.??"]
[Round "?"]
[White "Dvorak, J."]
[Black "Dufek, M."]
[Result "1-0"]
[WhiteElo "1880"]
[BlackElo "1740"]

1.d4 Nf6 2.Bg5 g6 3.Bxf6 exf6 4.Nf3 Bg7 5.e3 O-O 6.Bd3 f5 7.O-O d6 8.Nbd2 Nd7
9.c4 Re8 10.Rb1 Nf6 11.Qc2 b6 12.b4 a5 13.a3 Bb7 14.c5 Bd5 15.Rfc1 axb4 16.axb4 dxc5
17.bxc5 bxc5 18.Qxc5 c6 19.Ne5 Rxe5 20.dxe5 Nd7 21.Qc2 Nxe5 22.Bc4 Nxc4 23.Nxc4 Be4
24.Qb3 Qg5 25.g3 Qg4 26.Nd2 Bd5 27.Qd1 Qg5 28.Nc4 Rd8 29.Qe2 h5 30.h4 Qe7
31.Rd1 Qe4 32.f3 Qe7 33.Nb6 Be6 34.Rbc1 Rxd1+ 35.Qxd1 f4 36.exf4 c5 37.Nc4 Bd4+
38.Kg2 Qb7 39.Qe2 Qb5 40.Qc2 Qc6 41.Ne5 Qa8 42.Nxg6 Bg4 43.Ne7+ Kf8 44.Qe2 Qb7
45.Re1 Kg7 46.Qe4 Qb2+ 47.Re2 Qc1 48.Re1 Qb2+ 49.Qe2 Qb7 50.f5 Kf6 51.Qe4 Qb2+
52.Re2 Qc1 53.Re1 Qb2+ 54.Qe2 Qb7 55.Rf1 c4 56.Kh2 Bxf5 57.Nxf5 Kxf5 58.Qxc4 Be5
59.Qe4+  1-0

[Event "Klatovy op-A"]
[Site "Klatovy"]
[Date "1997.??.??"]
[Round "?"]
[White "Stross, Frantisek"]
[Black "Simandl, Karel"]
[Result "1/2-1/2"]
[WhiteElo "1890"]
[BlackElo "2190"]

1.d4 Nf6 2.Bg5 c5 3.d5 e5 4.c4 d6 5.Nc3 Be7 6.e4 O-O 7.Bxf6 Bxf6 8.Be2 Na6
9.Bg4 Nc7 10.Bxc8 Rxc8 11.Nge2 g6 12.O-O Bg7 13.a3 a6 14.Qd3 Ne8 15.Rfc1 f5  1/2-1/2

[Event "MK Cafe Cup-B"]
[Site "Koszalin"]
[Date "1997.??.??"]
[Round "6"]
[White "Dukowicz, Adam"]
[Black "Krysztofiak, Marcin"]
[Result "1-0"]
[WhiteElo "2105"]
[BlackElo "2140"]

1.d4 Nf6 2.Bg5 g6 3.Nc3 d5 4.f3 h6 5.Bh4 Bg7 6.Qd2 O-O 7.O-O-O c6 8.e4 g5
9.e5 gxh4 10.exf6 exf6 11.g3 hxg3 12.hxg3 f5 13.Nh3 b5 14.Nf4 a5 15.Bd3 a4
16.Rh5 Qf6 17.Nce2 Rd8 18.Rh4 Rd6 19.Rdh1 Na6 20.g4 fxg4 21.Nh5 Qg5 22.f4 Qe7
23.Nxg7 Kxg7 24.Ng3 Bd7 25.Bf5 Rg8 26.Bxd7 Qxd7 27.f5 Rh8 28.Qf4 Qe7 29.f6+ Rxf6
30.Nh5+  1-0

[Event "MK Cafe Cup-B"]
[Site "Koszalin"]
[Date "1997.??.??"]
[Round "7"]
[White "Dukowicz, Adam"]
[Black "Paszkiewicz, Sebastian"]
[Result "1/2-1/2"]
[WhiteElo "2105"]
[BlackElo "2190"]

1.d4 Nf6 2.Bg5 d5 3.Nf3 Bf5 4.Nbd2 e6 5.Nh4 Bg4 6.h3 Bh5 7.g4 Bg6 8.Bg2 Be7
9.Nxg6 hxg6 10.e3 c5 11.dxc5 Nc6 12.Nb3 Nd7 13.Bf4 Nxc5 14.Qe2 Rc8 15.Rd1 Nxb3
16.axb3 Qa5+ 17.c3 O-O 18.O-O Qb6 19.b4 a5 20.b5 Na7 21.e4 Qxb5 22.Qxb5 Nxb5
23.exd5 exd5 24.Rxd5 Bc5 25.Bg3 b6 26.Rfd1 Nc7 27.Rd7 Ne6 28.Bd5 Rce8 29.Kf1 Ng5
30.Kg2 Ne4 31.Re1 Nf6 32.Rxe8 Nxd7 33.Rxf8+ Kxf8 34.Kf3 Ke7 35.Ke2  1/2-1/2

[Event "IBM op"]
[Site "La Reunion"]
[Date "1997.??.??"]
[Round "9"]
[White "Legky, Nikolay A"]
[Black "Kosten, Anthony C"]
[Result "1-0"]
[WhiteElo "2530"]
[BlackElo "2535"]

1.d4 Nf6 2.Bg5 d5 3.e3 Nbd7 4.c4 c6 5.Nc3 Qa5 6.Nf3 Ne4 7.cxd5 cxd5 8.Bd3 f6
9.Bh4 Nxc3 10.bxc3 Qxc3+ 11.Kf1 g6 12.Bg3 Bg7 13.h4 O-O 14.h5 g5 15.h6 Bh8
16.Rc1 Qb2 17.Nxg5 fxg5 18.Bxh7+ Kf7 19.Qh5+ Ke6 20.Qg6+ Bf6 21.Bg8+ Rxg8
22.Qxg8+ Kf5 23.Qxd5+ Ne5 24.e4+ Kg4 25.Re1 e6 26.Bxe5  1-0

[Event "Gran Canaria op"]
[Site "Las Palmas"]
[Date "1997.??.??"]
[Round "?"]
[White "Bellon Lopez, Juan Manuel"]
[Black "Blanco, Jorge"]
[Result "1-0"]
[WhiteElo "2440"]
[BlackElo "2210"]

1.d4 Nf6 2.Bg5 c5 3.Bxf6 gxf6 4.d5 d6 5.c3 e5 6.e3 f5 7.a4 Bg7 8.Na3 Na6
9.Bb5+ Bd7 10.Nc4 Qe7 11.Ne2 O-O 12.Bxd7 Qxd7 13.O-O Kh8 14.Ng3 Nc7 15.Qf3 f4
16.exf4 f5 17.Rfd1 e4 18.Qh5 Rf6 19.Ne3 Raf8 20.Ngf1 Bh6 21.g3 Ne8 22.Qe2 Rg6
23.Ng2 Nf6 24.Nfe3 Rfg8 25.Nh4 Bxf4 26.Nxg6+ Rxg6 27.Ng2 Bg5 28.f4 Bh6 29.b4 cxb4
30.cxb4 Ng4 31.Rac1 Rg8 32.Rc4 Qxa4 33.Rdc1 Qb5 34.h3 Qb6+ 35.Kh1 Nf2+ 36.Kh2 Nd3
37.Rf1 Qb5 38.Ne3 Qd7 39.Rd4 Qf7 40.Rxd3 exd3 41.Qxd3 Qg7 42.Nxf5 Qb2+ 43.Kh1 Bf8
44.b5 Rg6 45.Rf3 Kg8 46.g4  1-0

[Event "Leeuwarden op"]
[Site "Leeuwarden"]
[Date "1997.??.??"]
[Round "3"]
[White "Welling, Gerard"]
[Black "Baljon, Christofoor"]
[Result "0-1"]
[WhiteElo "2355"]
[BlackElo "2310"]

1.d4 Nf6 2.Bg5 c5 3.Bxf6 gxf6 4.d5 Qb6 5.Qc1 Bg7 6.g3 f5 7.c3 e6 8.Bg2 Na6
9.Na3 Nc7 10.Nc4 Qa6 11.Qf4 O-O 12.Ne3 Qb6 13.Nc4 Qa6 14.Ne3 Qb6 15.Nh3 Qxb2
16.O-O Ne8 17.Rfc1 Qxe2 18.g4 fxg4 19.Rc2 e5 20.Qf5 Qa6 21.Ng5 Qg6 22.Ne4 d6
23.Qxg6 hxg6 24.Rb2 f5 25.Ng5 e4  0-1

[Event "Linares Mex"]
[Site "Linares"]
[Date "1997.??.??"]
[Round "8"]
[White "Calderin, Roberto"]
[Black "Blanco Sing, Israel"]
[Result "0-1"]
[WhiteElo "2435"]
[BlackElo "2365"]

1.d4 Nf6 2.Bg5 c5 3.d5 Ne4 4.Bf4 Qb6 5.Nd2 Qxb2 6.Nxe4 Qb4+ 7.Qd2 Qxe4 8.Nf3 e6
9.dxe6 Qxe6 10.e4 Be7 11.Be2 O-O 12.O-O Nc6 13.c4 d6 14.Bd3 Ne5 15.Bxe5 dxe5
16.a4 Rd8 17.Qe2 Qg4 18.Nxe5 Qxe2 19.Bxe2 Bf6 20.f4 Rd2 21.Bf3 Bxe5 22.fxe5 Bd7
23.Rab1 Rb8 24.a5 Kf8 25.Rfd1 Rxd1+ 26.Rxd1 Ke7 27.Kf2 Rd8 28.Ke3 Bc6 29.Rxd8 Kxd8
30.e6 fxe6 31.Kf4 Ke7 32.Ke5 Be8 33.Bd1 b6 34.axb6 axb6 35.Be2 Ba4 36.g3 Bb3
37.Bd3 b5 38.cxb5 c4 39.Bb1 c3 40.b6 Kd7 41.g4 Kc6 42.b7 Kxb7 43.Kd6 c2  0-1

[Event "Linz"]
[Site "Linz"]
[Date "1997.??.??"]
[Round "5"]
[White "Casagrande, Harald"]
[Black "Almasi, Zoltan"]
[Result "0-1"]
[WhiteElo "2365"]
[BlackElo "2595"]

1.d4 Nf6 2.Bg5 d5 3.Bxf6 gxf6 4.e3 c5 5.c4 cxd4 6.Qxd4 dxc4 7.Qxd8+ Kxd8
8.Bxc4 e6 9.Nc3 a6 10.Nge2 Nc6 11.O-O Bg7 12.Nf4 f5 13.Rac1 Ke7 14.Be2 Rb8
15.Na4 Bd7 16.b3 Rhd8 17.Nc5 Nb4 18.a3 Na2 19.Rc2 Nc3 20.Bf3 Bb5 21.Nxb7 Rxb7
22.Rxc3 Bxf1 23.Kxf1 Bxc3 24.Bxb7 Rd1+ 25.Ke2 Rd6 26.Nd3 Rb6 27.Nc5 Bb2 28.Bxa6 Bxa3
29.b4 Bxb4 30.Nd3 Rxa6 31.Nxb4 Ra4 32.Nd3 Rh4 33.h3 Kf6 34.f4 Ke7 35.Ne5 f6
36.Nc6+ Kd6 37.Nd4 Rh6 38.Kf3 Rg6 39.Nb5+ Kc6 40.Nd4+ Kd5 41.Ne2 h5 42.Nd4 Rg8
43.Kf2 Rg7 44.Ne2 Ke4 45.Nc3+ Kd3 46.Nb5 Rd7 47.Kf3 e5 48.fxe5 fxe5 49.g3 Rd5
50.Nc7 Rc5 51.Ne6 Rc1 52.Ng7 e4+ 53.Kf4 Rf1+ 54.Kg5 Kxe3 55.Nxh5 Kd3 56.g4 e3  0-1

[Event "Lisboa Honor"]
[Site "Lisboa"]
[Date "1997.??.??"]
[Round "9"]
[White "Dantas, Carlos"]
[Black "Ferreira, Paolo"]
[Result "0-1"]
[WhiteElo "2165"]
[BlackElo "2225"]

1.d4 Nf6 2.Bg5 g6 3.Bxf6 exf6 4.Nf3 Bg7 5.e3 d6 6.Bd3 O-O 7.Nbd2 Re8 8.c3 f5
9.g3 Nd7 10.Qc2 Nf6 11.O-O-O Bd7 12.h3 b5 13.Nh2 c5 14.dxc5 dxc5 15.g4 c4
16.Be2 Qe7 17.Bf3 Rad8 18.Nb1 a5 19.Rd2 Be6 20.Rhd1 Rb8 21.g5 Nd7 22.Bc6 Nc5
23.Bxe8 Rxe8 24.Nf3 b4 25.Rg1 b3 26.axb3 Nxb3+ 27.Kd1 Nxd2 28.Nbxd2 Bd5 29.h4 Qb7
30.Nd4 Rb8 31.Ke2 Qc7 32.N4f3 Re8 33.Ra1 f4 34.e4 Qb7 35.Rxa5 Bxe4 36.Nxe4 Rxe4+
37.Kf1 Re8 38.Qa4 Rd8 39.Ne1 Qh1+ 40.Ke2 Qe4+ 41.Kf1 Re8 42.Ng2 Qb1+  0-1

[Event "Lilie op"]
[Site "Litomysl"]
[Date "1997.??.??"]
[Round "4"]
[White "Cech, Pavel"]
[Black "Hausmann, Ilka"]
[Result "1/2-1/2"]
[WhiteElo "2365"]
[BlackElo "2130"]

1.d4 Nf6 2.Bg5 c5 3.d5 Qb6 4.Nc3 e6 5.Bxf6 gxf6 6.Rb1 f5 7.e3 d6 8.Bb5+ Nd7
9.dxe6 fxe6 10.Nh3 a6 11.Nf4 axb5 12.Qh5+ Ke7 13.Ncd5+ exd5 14.Nxd5+ Kd8
15.Qg5+ Ke8 16.Nxb6 Nxb6 17.Rd1 Nc4 18.O-O Ne5 19.e4 fxe4 20.Rfe1 Be7 21.Qh5+ Ng6
22.Rxe4 Kf7 23.f4 Kg7 24.Rxe7+ Nxe7 25.Rxd6 Rf8 26.Qe5+ Kf7 27.Qf6+ Ke8 28.Rd8+ Kxd8
29.Qxf8+ Kd7 30.f5 b6 31.f6 Ng6 32.Qg8 Kd6 33.Qd8+ Kc6 34.f7 Bb7 35.Qf6+ Kc7
36.h4 Bd5 37.h5 Nf8 38.g4 Rd8 39.g5 Rd7 40.g6 hxg6 41.hxg6 Nxg6 42.Qxg6 Rxf7
43.Qg3+ Kc6 44.Qb8 Rg7+ 45.Kf1 Rg2 46.Qe8+ Kc7 47.Qe5+ Kc6 48.Qf5 b4 49.a3 bxa3
50.c4 Bxc4+ 51.Kxg2 a2 52.Qc8+ Kd5 53.Qa8+ Kd4 54.Qa3 b5 55.Qc3+ Ke4 56.Qe1+ Kd3
57.Qd1+ Ke4 58.Kf2 b4 59.Ke1 Bb3 60.Qe2+ Kd4 61.Qa6 Ke3 62.Qa7 Kd3 63.Qh7+ Kd4
64.Qa7 Bc4 65.Kd2 b3 66.Qa4 Ke5  1/2-1/2

[Event "Lilie op"]
[Site "Litomysl"]
[Date "1997.??.??"]
[Round "6"]
[White "Cech, Pavel"]
[Black "Kulhanek, Tomas"]
[Result "0-1"]
[WhiteElo "2365"]
[BlackElo "2195"]

1.d4 Nf6 2.Bg5 d5 3.Nc3 e6 4.e4 dxe4 5.Nxe4 Be7 6.Bxf6 Bxf6 7.Nf3 Nd7 8.Bd3 O-O
9.Qe2 b6 10.Neg5 g6 11.Qe4 Rb8 12.Qh4 Bxg5 13.Nxg5 Nf6 14.O-O-O Kg7 15.Rhe1 h6
16.Nf3 Bd7 17.Ne5 Be8 18.f4 b5 19.g4 Nd5 20.Qg3 f6 21.Nxg6 Bxg6 22.Bxg6 Kxg6
23.g5 fxg5 24.Rxe6+ Kg7 25.fxg5 Qxg5+ 26.Qxg5+ hxg5 27.Re5 c6 28.Rxg5+ Kh6
29.Re5 Rbe8 30.Rde1 Rxe5 31.dxe5 Kg6 32.Rg1+ Kf7 33.Rg3 a5 34.Ra3 Ke6 35.Rxa5 Kxe5
36.a4 b4 37.c4 bxc3 38.bxc3 Kd6 39.c4 Ne3 40.Rh5 Nxc4 41.Kc2 Ne5 42.h4 c5
43.Rg5 Kd5 44.h5 Rf2+ 45.Kc3 Rf3+ 46.Kc2 Kd4 47.a5 Rf2+ 48.Kb1 c4 49.a6 c3
50.a7 c2+ 51.Kb2 Nd3+ 52.Kb3 c1=Q 53.Rg4+ Nf4  0-1

[Event "Coulsdon"]
[Site "London"]
[Date "1997.??.??"]
[Round "5"]
[White "Dunworth, Christopher"]
[Black "Franklin, Michael J"]
[Result "1/2-1/2"]
[WhiteElo "2330"]
[BlackElo "2235"]

1.d4 Nf6 2.Bg5 g6 3.Bxf6 exf6 4.e3 Bg7 5.g3 d6 6.Bg2 f5 7.Ne2 Nd7 8.Nd2 Nf6
9.Nf4 O-O 10.Nd5 Ne8 11.a4 c6 12.Nf4 Nf6 13.a5 a6 14.Nc4 Re8 15.c3 Rb8 16.Nb6 d5
17.h4 h5 18.Qc2 Be6 19.b4 Bf8 20.f3 Bd6 21.Kf2 Bc8 22.Na4 Nd7 23.Bf1 Qe7
24.Qd2 Nf8 25.Bd3 Kg7 26.Rab1 Ne6 27.Ne2 Bd7 28.c4 dxc4 29.Bxc4 Rbd8 30.Bxe6 Bxe6
31.Rhc1 Bd5 32.Nc5 Qc7 33.Nd3 f6 34.Ndf4 Bf7 35.Rc2 g5 36.Ng2 Bg6 37.f4 g4
38.Qd3 Bf7 39.Nc3 Qe7 40.Rcb2 Kg6 41.Ne1 Bc7 42.Nc2 Qe6 43.Rc1 Re7 44.Na1 Rde8
45.Re1 Qc4 46.Qxc4 Bxc4 47.Na4 Bd6 48.Nc5 Bxc5 49.bxc5 Bb5 50.Nc2 Rd8 51.Na3 Kf7
52.Nb1 Ke8 53.Nc3 Bd3 54.Rb6 Kf7 55.Rd1 Bb5 56.Nxb5 cxb5 57.c6 bxc6 58.Rc1 Rc8
59.Rcxc6 Rxc6 60.Rxc6 Re6 61.Rc5 Rd6 62.Rxf5 Rc6 63.e4 b4 64.Rxh5 Kg7 65.Rd5 Rc2+
66.Ke3 Rc3+ 67.Ke2 Rxg3 68.Rd7+ Kh6 69.Rd6 b3 70.Rxf6+ Kh5 71.Rb6 b2 72.Kf2 Rf3+
73.Kg2 Rxf4 74.Rxb2 Rxe4 75.Rd2 Kxh4 76.d5 Re7 77.d6 Rd7 78.Rd5 g3 79.Kf3 Rf7+
80.Kg2 Rd7  1/2-1/2

[Event "Marostica op"]
[Site "Marostica"]
[Date "1997.??.??"]
[Round "?"]
[White "Rossi, Carlo"]
[Black "Godena, Michele"]
[Result "0-1"]
[WhiteElo "2320"]
[BlackElo "2545"]

1.d4 Nf6 2.Bg5 d5 3.Nf3 Ne4 4.Bh4 Qd6 5.Qc1 c5 6.dxc5 Qxc5 7.e3 Nc6 8.Nbd2 Bf5
9.c3 e5 10.Be2 f6 11.Bg3 Rd8 12.Nxe4 Bxe4 13.O-O Be7 14.Rd1 O-O 15.Nd2 Bg6
16.Nb3 Qb6 17.c4 dxc4 18.Qxc4+ Bf7 19.Qb5 Qxb5 20.Bxb5 Nb4 21.Be2 Rxd1+ 22.Bxd1 Rd8
23.Bf3 b6 24.h4 a5 25.Nc1 Rd2 26.a3 Na6 27.Rb1 Nc5 28.b4 axb4 29.axb4 Na4
30.Ra1 b5 31.Bc6 Bc4 32.h5 Bxb4 33.Kh1 Bc5 34.Rb1 Rb2 35.Rxb2 Nxb2  0-1

[Event "CRO-chT"]
[Site "Medulin"]
[Date "1997.??.??"]
[Round "?"]
[White "Klaric, Zlatko"]
[Black "Franic, Milan"]
[Result "1/2-1/2"]
[WhiteElo "2420"]
[BlackElo "2410"]

1.d4 Nf6 2.Bg5 c5 3.Bxf6 gxf6 4.d5 Qb6 5.Nd2 Qxb2 6.e3 f5 7.Bc4 Bg7 8.Rb1 Qf6
9.Ne2 O-O 10.f4 d6 11.Ng3 Nd7 12.O-O Nb6 13.Nh5 Qh6 14.Nxg7 Qxg7 15.Rf3 Kh8
16.Rg3 Qf6 17.Bb3 Rg8 18.Rh3 Bd7 19.c4 Rg7 20.Nf3 Qc3 21.Ng5 f6 22.Rc1 Qb2
23.Rc2 Qa3 24.Ne6 Bxe6 25.dxe6 a5 26.Qc1 Qxc1+ 27.Rxc1 Rag8 28.g3 Rd8 29.Rh5 d5
30.Rxf5 a4 31.Bd1 Nxc4 32.Kf2 Nd6 33.Rh5 Ne4+ 34.Ke1 d4 35.exd4 Rxd4 36.Bf3 b6
37.Rd1 Rxd1+ 38.Bxd1 a3 39.Rd5 Nd6 40.Bc2 Rg8 41.Rh5 Rg7 42.Kd2 Nb5 43.Rd5 Nd4
44.Rd7 h5 45.Ra7 f5 46.Rxa3 Rg6 47.Re3 h4 48.Bb3 hxg3 49.hxg3 Kg7 50.Kd3 b5
51.Bd5 Kf6 52.Kd2 Rh6 53.Rc3 Rh2+ 54.Kd3 Nxe6 55.Bxe6 Kxe6 56.Rxc5 Rxa2 57.Rxb5 Ra3+
58.Kd4 Kf6 59.g4 fxg4 60.Rg5 g3 61.Ke4 e6 62.Rg8  1/2-1/2

[Event "Metz op"]
[Site "Metz"]
[Date "1997.??.??"]
[Round "9"]
[White "Lukasiewicz, Grzegorz"]
[Black "Vignale, Stephane"]
[Result "1-0"]
[WhiteElo "2390"]
[BlackElo "1870"]

1.d4 Nf6 2.Bg5 d5 3.e3 Bf5 4.Nf3 e6 5.Be2 Be7 6.O-O O-O 7.c4 Nbd7 8.Nc3 c6
9.Qb3 Qb6 10.c5 Qxb3 11.axb3 Bd8 12.Bf4 Be7 13.b4 a6 14.Nd2 Ne4 15.Ncxe4 Bxe4
16.Nb3 f6 17.Na5 e5 18.Bg3 Rab8 19.f3 Bg6 20.f4 Bf5 21.fxe5 fxe5 22.Rxf5 Rxf5
23.Bg4 g6 24.Bxf5 gxf5 25.dxe5 Nf8 26.e6 Ra8 27.Nxb7 Kg7 28.Na5 Rc8 29.Nb3 Nxe6
30.Rxa6 Kg6 31.Na5 Nd8 32.Be5 h6 33.Kf2 Kg5 34.Kf3 Bf8 35.g3 Be7 36.b5 Bxc5
37.b6  1-0

[Event "Mondariz op"]
[Site "Mondariz"]
[Date "1997.??.??"]
[Round "?"]
[White "Martinez Rodriguez, Pablo"]
[Black "Montoya Bello, Felix J"]
[Result "1/2-1/2"]
[WhiteElo "2220"]
[BlackElo "2160"]

1.d4 d5 2.Bg5 Nf6 3.Nd2 c6 4.e3 Bf5 5.Ne2 Nbd7 6.Ng3 Bg6 7.f4 h6 8.Bxf6 Nxf6
9.f5 Bh7 10.Bd3 Qc7 11.Qe2 O-O-O 12.O-O-O e5 13.fxe6 Bxd3 14.cxd3 fxe6 15.Nh5 Bd6
16.Rhf1 Nxh5 17.Qxh5 Rhf8 18.h3 Kb8 19.Kb1 Qe7 20.e4 Rxf1 21.Rxf1 Rf8 22.Rxf8+ Qxf8
23.Nf3 Kc7 24.a3 Kd7 25.Ka2 Qf4 26.Qg6 Qf6 27.Qg4 Bc7 28.h4 Bb6 29.h5 Bxd4
30.exd5 Bb6 31.dxc6+ Kxc6 32.Nd2 Bd4 33.Nb3 e5 34.Qc8+ Kb6 35.Qc4 a6 36.Na5 Ka7
37.Qd5 Qe7 38.Nc4 Qc7 39.g4 Kb8 40.Qd6 Qxd6 41.Nxd6 Kc7 42.Nf5 Kd7 43.Kb3 b5
44.Nxg7 Be3 45.a4 bxa4+ 46.Kxa4 Bd2 47.b4 Kd6 48.Ka5 Kd5 49.Nf5 e4 50.dxe4+ Kxe4
51.Nxh6 Bxh6 52.Kxa6 Kf4  1/2-1/2

[Event "Montpellier Masters op"]
[Site "Montpellier"]
[Date "1997.??.??"]
[Round "1"]
[White "Testud, Philippe"]
[Black "Galli, Jean Christ"]
[Result "0-1"]
[WhiteElo "2220"]
[BlackElo "2010"]

1.d4 Nf6 2.Bg5 d5 3.Bxf6 exf6 4.e3 Bd6 5.g3 O-O 6.Bg2 c6 7.Nd2 Be6 8.Ne2 Na6
9.O-O Re8 10.a3 Qd7 11.Re1 Bg4 12.b3 Nc7 13.c4 c5 14.cxd5 cxd4 15.exd4 Nb5
16.Ne4 Bxa3 17.f3 Bf5 18.Qd2 Qxd5 19.b4 a5 20.bxa5 Red8 21.Red1 Be7 22.Kh1 Rac8
23.Qb2 Rc4 24.Nf4 Qd7 25.d5 Nd6 26.Qe2 Rdc8 27.h4 Rc2 28.Rd2 Nxe4 29.fxe4 Bg4
30.Bh3 Bxe2 31.Bxd7 Rxd2 32.Bxc8 Bf3+ 33.Kg1 g5 34.Nh3 Bc5+ 35.Kf1 gxh4 36.Rc1 Bg2+
37.Ke1 Bb4 38.Nf4 Ra2+  0-1

[Event "Moscow-ch"]
[Site "Moscow"]
[Date "1997.??.??"]
[Round "6"]
[White "Bahtin, Vladimir"]
[Black "Abramov, AP."]
[Result "1/2-1/2"]
[WhiteElo "2305"]
[BlackElo "2160"]

1.d4 Nf6 2.Bg5 d5 3.Bxf6 gxf6 4.c4 c6 5.e3 e6 6.Nc3 Nd7 7.Bd3 a6 8.Nge2 f5
9.Nf4 Nf6 10.O-O Bd6 11.Qf3 Ne4 12.Rfd1 Qf6 13.cxd5 Ng5 14.Qh5 exd5 15.Nce2 Bd7
16.Rac1 Ke7 17.Re1 Rag8 18.Nc3 Be6 19.Nce2 Rg7 20.f3 Rhg8 21.h4 Ne4 22.fxe4 fxe4
23.Bb1 Rxg2+ 24.Nxg2 Bh3 25.Nf4 Bxf4 26.exf4 Qxd4+ 27.Kh1 Bxg2+ 28.Kh2 Qf2
29.Qe5+ Kf8 30.Qd6+ Kg7 31.Rg1 Qxh4+ 32.Kxg2 Kh8+ 33.Kf1 Qh3+ 34.Ke2 Qf3+
35.Kd2 Qf2+ 36.Kc3 Qe3+ 37.Kb4 a5+ 38.Kxa5 Ra8+ 39.Kb4 Qb6+ 40.Kc3 Qe3+ 41.Kb4 Qb6+
42.Kc3 Qe3+ 43.Kb4 Qb6+  1/2-1/2

[Event "New York op"]
[Site "New York"]
[Date "1997.??.??"]
[Round "?"]
[White "Henley, Ron W"]
[Black "Kurtzman, Mark"]
[Result "1-0"]
[WhiteElo "2440"]
[BlackElo "2220"]

1.d4 Nf6 2.Bg5 c5 3.d5 d6 4.Bxf6 exf6 5.c3 g6 6.e3 Bg7 7.Bb5+ Nd7 8.a4 O-O
9.Nf3 f5 10.O-O g5 11.Na3 Qf6 12.Nc4 a6 13.Bxd7 Bxd7 14.Nb6 Rad8 15.Re1 Rfe8
16.Nd2 Re7 17.f4 Be8 18.Nf1 Qh6 19.Ng3 Qg6 20.Qc2 gxf4 21.exf4 Rxe1+ 22.Rxe1 Bh6
23.Nxf5 Kf8 24.Qe4  1-0

[Event "Newport Masters"]
[Site "Newport"]
[Date "1997.??.??"]
[Round "1"]
[White "Wall, Tim"]
[Black "Dearing, Eddie"]
[Result "1-0"]
[WhiteElo "2375"]
[BlackElo "2210"]

1.d4 d5 2.Bg5 Nf6 3.Nf3 Ne4 4.Bf4 Bf5 5.e3 e6 6.Nbd2 Be7 7.Nxe4 Bxe4 8.Bd3 Bxd3
9.Qxd3 O-O 10.O-O c5 11.dxc5 Bxc5 12.Ng5 g6 13.e4 Be7 14.h4 dxe4 15.Qxe4 Nc6
16.Rad1 Qb6 17.b3 Rad8 18.Nf3 Qb4 19.c4 Qa5 20.Qb1 Nb4 21.Bh6 Rfe8 22.Qb2 f6
23.Nd4 Qh5 24.Bd2 Nd3 25.Qa1 Qxh4 26.Be3 Bd6 27.Nf3 Qe4 28.Qxf6 Be7 29.Qc3 Rf8
30.Bh6 Bf6 31.Qc2 Bg7 32.Bxg7 Kxg7 33.Ng5 Qf5 34.Nxe6+ Qxe6 35.Rxd3 Rxd3
36.Qxd3 Qf6 37.Qe3 b6 38.Rd1 Rd8 39.Rxd8 Qxd8 40.Qe5+ Kf7 41.g3 Qc8 42.Kg2 h5
43.Qd5+ Kg7 44.Qd4+ Kh7 45.b4 Qa6 46.c5 bxc5 47.bxc5 Qxa2 48.c6 Qc2 49.Qxa7+ Kh6
50.Qe3+ g5 51.Qe6+ Kg7 52.Qe5+ Kg6 53.Qd6+ Kg7 54.Qe5+ Kg6 55.c7 Qc6+ 56.f3 Qc2+
57.Kf1 Qd1+ 58.Kf2 Qc2+ 59.Ke3 Qb3+ 60.Kd4 Qb4+ 61.Kd5 Qb7+ 62.Kd6 Qb4+ 63.Kd7 Qa4+
64.Kd8 Qd1+ 65.Ke7 Qxf3 66.Qe6+ Kg7 67.c8=Q Qa3+ 68.Qd6 Qa7+ 69.Qcd7 Qe3+
70.Kd8+  1-0

[Event "Nigran"]
[Site "Nigran"]
[Date "1997.??.??"]
[Round "8"]
[White "Glavina, Pablo"]
[Black "Garcia Castro, Pablo"]
[Result "1-0"]
[WhiteElo "2395"]
[BlackElo "2160"]

1.d4 Nf6 2.Bg5 g6 3.Bxf6 exf6 4.e4 Bg7 5.Nf3 d6 6.Bd3 O-O 7.O-O Nc6 8.c3 Ne7
9.Re1 c6 10.Nbd2 Be6 11.h3 Qc7 12.Nf1 Rad8 13.Ne3 d5 14.Qa4 dxe4 15.Bxe4 f5
16.Bc2 f4 17.Ng4 Rd5 18.b4 Rh5 19.Qxa7 Nd5 20.Qa3 Qc8 21.Ngh2 g5 22.Bd1 f5
23.Ne5 Rh6 24.Qc1 Kh8 25.Qd2 Rg8 26.c4 Nb6 27.Qe2 Nd7 28.f3 Nxe5 29.dxe5 c5
30.b5 Rg6 31.Bc2 h5 32.Rad1 Rh6 33.Qd2 Bxc4 34.h4 g4 35.Qxf4 Be6 36.Rd6 Bf8
37.Bxf5 gxf3 38.Nxf3  1-0

[Event "JUG-chT"]
[Site "Niksic"]
[Date "1997.??.??"]
[Round "5"]
[White "Miladinovic, Igor"]
[Black "Strikovic, Aleksa"]
[Result "1/2-1/2"]
[WhiteElo "2500"]
[BlackElo "2560"]

1.d4 Nf6 2.Bg5 g6 3.Bxf6 exf6 4.e3 Bg7 5.g3 O-O 6.Bg2 d6 7.Ne2 f5 8.c4 Nd7
9.Nbc3 Nf6 10.b4 c6 11.a4 Be6 12.Qb3 Rc8 13.Nf4 Re8 14.O-O Qe7 15.Rac1 g5
16.Nfe2 a6 17.a5 Rcd8 18.d5 cxd5 19.cxd5 Bd7 20.b5 axb5 21.Nxb5 Ne4 22.Qb4 Bxb5
23.Qxb5 Nc5 24.Rc4 Ra8 25.Nd4 Bxd4 26.exd4 Ne4 27.Re1 Qd8 28.Ra1 h6  1/2-1/2

[Event "JUG-ch52"]
[Site "Niksic"]
[Date "1997.??.??"]
[Round "10"]
[White "Kosic, Dragan"]
[Black "Ivanisevic, Ivan"]
[Result "0-1"]
[WhiteElo "2515"]
[BlackElo "2450"]

1.d4 Nf6 2.Bg5 c5 3.Bxf6 gxf6 4.d5 Qb6 5.Qc1 f5 6.g3 Bg7 7.c3 d6 8.Bh3 e6
9.Nf3 Nd7 10.Nbd2 Nf6 11.dxe6 fxe6 12.O-O O-O 13.Qc2 d5 14.e3 Ne4 15.Rab1 Qa6
16.Rfe1 b5 17.Nxe4 fxe4 18.Nd2 Bd7 19.b3 c4 20.bxc4 bxc4 21.Rb4 Rf6 22.Qb2 Raf8
23.Rf1 Be8 24.Nb1 Qa5 25.Na3 Qc5 26.Nc2 Rh6 27.Bg2 Bh5 28.Rb7 Be2 29.Re1 Bd3
30.Nd4 e5 31.Nb5 Rb6 32.Rxb6 Qxb6 33.Qb4 Rb8 34.a4 a6 35.Qe7 axb5 36.Bh3 bxa4  0-1

[Event "JUG-ch52"]
[Site "Niksic"]
[Date "1997.??.??"]
[Round "12"]
[White "Kosic, Dragan"]
[Black "Damljanovic, Branko"]
[Result "1-0"]
[WhiteElo "2515"]
[BlackElo "2540"]

1.d4 Nf6 2.Bg5 c5 3.Bxf6 gxf6 4.d5 Qb6 5.Qc1 f5 6.g3 Bg7 7.c3 d6 8.Nd2 Qc7
9.a4 Nd7 10.Bg2 Nf6 11.Nc4 Bd7 12.Qd2 h5 13.Nf3 Ne4 14.Qe3 Bf6 15.h4 O-O-O
16.Nfd2 Nxd2 17.Qxd2 Kb8 18.Bf3 Bc8 19.e3 e6 20.Qd1 Qe7 21.a5 e5 22.Qb3 Qc7
23.a6 b6 24.Be2 Rdg8 25.Kd2 f4 26.Rhg1 fxg3 27.fxg3 Bd8 28.Na5 f5 29.Raf1 Qh7
30.Nc6+ Ka8 31.Qc4 Qh6 32.b4 Re8 33.Rb1 Bc7 34.Rbf1 Bd7 35.Qd3 e4 36.Qc2 Rhg8
37.Bb5 Rg7 38.Qa4 Reg8 39.Nxa7 Bxb5 40.Nxb5 Bd8 41.a7 Rxg3 42.Nc7+ Kb7 43.a8=Q+ Kxc7
44.Q4c6+  1-0

[Event "Porto San Giorgio op"]
[Site "Porto San Giorgio"]
[Date "1997.??.??"]
[Round "2"]
[White "Monteleone, Antonio"]
[Black "Lazarev, Vladimir"]
[Result "0-1"]
[WhiteElo "2190"]
[BlackElo "2500"]

1.d4 Nf6 2.Bg5 d5 3.Bxf6 exf6 4.e3 c6 5.Nd2 Bd6 6.Bd3 Qb6 7.Rb1 O-O 8.Qf3 Re8
9.Ne2 Qc7 10.Ng3 Nd7 11.Nf5 Bf8 12.Qg3 Qxg3 13.Nxg3 g6 14.O-O f5 15.Ne2 Nf6
16.Rfc1 Bh6 17.Nf1 Bd7 18.g3 Re7 19.a4 a5 20.b3 Bf8 21.c4 Ree8 22.Nf4 g5
23.Ne2 Bb4 24.Rc2 dxc4 25.Bxc4 f4 26.Bd3 fxe3 27.Nxe3 Ne4 28.Bxe4 Rxe4 29.d5 Rae8
30.Rd1 h6 31.Rd4 R4e5 32.dxc6 Bxc6 33.Nc1 Bc5 34.Rd3 f5 35.Rdc3 Bb4 36.Rc4 Rd8
37.Kf1 Rd1+  0-1

[Event "SVK-ch"]
[Site "Presov"]
[Date "1997.??.??"]
[Round "5"]
[White "Jirovsky, Pavel"]
[Black "Priehoda, Vitezslav"]
[Result "1/2-1/2"]
[WhiteElo "2360"]
[BlackElo "2425"]

1.d4 Nf6 2.Bg5 c5 3.dxc5 e6 4.c3 Bxc5 5.Bxf6 Qxf6 6.Nf3 O-O 7.Nbd2 d5 8.e4 Qe7
9.Be2 dxe4 10.Nxe4 Nc6 11.O-O Bb6 12.Qd6 Rd8 13.Qxe7 Nxe7 14.Rfd1 Bd7 15.Ne5 Ba4
16.b3 Be8 17.Bf3 Bc7 18.Nd3 b6 19.c4 Rac8 20.Nc3 Nc6 21.Ne2 g5 22.g3 Kg7
23.Bg2 f5 24.f4 Bh5 25.Kf2 Nd4 26.Nxd4 Rxd4 27.Bf3 Bxf3 28.Kxf3 Rcd8 29.Ke2 Re4+
30.Kf3 Red4 31.Ke2 Re4+ 32.Kf3 g4+ 33.Kf2 Red4 34.Ke2 h5 35.Nf2 e5 36.Rxd4 Rxd4
37.fxe5 Bxe5 38.Rf1 h4 39.Nd3 hxg3 40.hxg3 Re4+ 41.Kd2 Bxg3 42.Rxf5 Bh4 43.Re5 Rd4
44.Ke3  1/2-1/2